Η μνημειακή εκλεκτική ζωγραφική στη Ρόδο στα τέλη του 15ου και στις αρχές του 16ου αιώνα

Αποθηκεύτηκε σε:
Λεπτομέρειες βιβλιογραφικής εγγραφής
Κύριος συγγραφέας: Κόλλιας, Ηλίας Ε.
Συγγραφή απο Οργανισμό/Αρχή: Ακαδημία Αθηνών. Κέντρο Έρευνας της Βυζαντινής και Μεταβυζαντινής Τέχνης
Μορφή: Βιβλίο
Γλώσσα:Greek
Δημοσίευση: Αθήνα : Ακαδημία Αθηνών, 2000
Θέματα:
Ετικέτες: Προσθήκη ετικέτας
Δεν υπάρχουν, Καταχωρήστε ετικέτα πρώτοι!

MARC

LEADER 00000cam a2200000 i 4500
001 1/39581
008 061219s2000 gre d
020 |a 960-7099-95-8 
035 |l 10086624 
040 |a GR-MY-UA  |b gre  |e aacr 
041 0 |a gre 
082 0 |a 751.733916  |2 (22) 
100 1 |a Κόλλιας, Ηλίας Ε. 
245 1 2 |a Η μνημειακή εκλεκτική ζωγραφική στη Ρόδο στα τέλη του 15ου και στις αρχές του 16ου αιώνα /  |c Ηλίας Ε. Κόλλιας 
260 |a Αθήνα :   |b Ακαδημία Αθηνών,   |c 2000 
300 |a 62 σ.;  |b εικ.;  |c 25 εκ. 
500 |a Μνήμη Μανόλη Χατζηδάκη 
504 |a Περιλαμβάνει βιβλιογραφικές παραπομπές 
650 0 0 |a Mural painting and decoration, Byzantine  |z Greece  |z Rhodes (Island) 
650 0 0 |a Mural painting and decoration, Renaissance  |z Greece  |z Rhodes (Island) 
710 2 |a Ακαδημία Αθηνών.   |b Κέντρο Έρευνας της Βυζαντινής και Μεταβυζαντινής Τέχνης. 
852 |a INST  |b RHODES  |e 20061219  |h 751.733916 ΚΟΛ  |p 005400023714  |q 005400023714  |t BK  |y 0 
901 |a BIBL4-2006-3 
909 |a Ρ  |b 127371 
970 |a ΜΙΣΣΟΣ  |b ΣΤΑΥΡΟΣ  |z 2006/12/19